Geschichte der Philosophie /

Bibliographic Details
Main Author: Windelband, W. (Wilhelm), 1848-1915
Format: Book
Language:German
Published: Frieburg : Akademische Verlagsbuchhandlung von J.C.B. Mohr, 1892.
Subjects:

MARC

Tag First Indicator Second Indicator Subfields
LEADER 00000cam a2200000 a 4500
001 in00000070866
005 20151008061936.0
008 820211s1892 gw b 00110 germ
010 |a  10021247  
035 |a (OCoLC)08148176 
035 |9 AAJ9184AM 
040 |a DLC  |c TXA  |d TXA  |d UtOrBLW 
049 |a TXAM  |c [1654643] 
050 0 |a B82  |b .W5 
100 1 |a Windelband, W.  |q (Wilhelm),  |d 1848-1915. 
245 1 0 |a Geschichte der Philosophie /  |c von W. Windelband. 
264 1 |a Frieburg :  |b Akademische Verlagsbuchhandlung von J.C.B. Mohr,  |c 1892. 
300 |a 516 pages ;  |c 25 cm. 
336 |a text  |b txt  |2 rdacontent 
337 |a unmediated  |b n  |2 rdamedia 
338 |a volume  |b nc  |2 rdacarrier 
500 |a Later editions have title: Lehrbuch der geschichte der Philosophie. 
504 |a Includes bibliographical references and indexes. 
650 0 |a Philosophy  |x History. 
999 |a MARS 
999 f f |s a2ff0eb4-3843-34f8-a0ee-4bffc8473386  |i aa1951e4-0395-340a-85d2-08d6f1c1a2e9  |t 0 
952 f f |p ric  |a Texas A&M University  |b Rellis Campus  |c Joint Library Facility  |d Remote Storage  |t 0  |e B82 .W5  |h Library of Congress classification  |i unmediated -- volume  |m A14806075911 
998 f f |a B82 .W5  |t 0  |l Remote Storage